| 000 | 01997nam a2200469Ii 4500 | ||
|---|---|---|---|
| 001 | DIGDEU0123 | ||
| 003 | NyNyDIG | ||
| 008 | 141201s1997 sp a obl 000 0 spa d | ||
| 006 | m o d | ||
| 007 | cr ||||||||||| | ||
| 020 |
_a9788498307443 _q(eBook) |
||
| 020 | _z9788474854749 | ||
| 020 | _z8474854741 | ||
| 035 | _a(OCoLC)863714604 | ||
| 040 |
_aDGITA _beng _erda _epn _cDGITA |
||
| 043 | _ae-sp--- | ||
| 050 | 1 | 4 | _aK3611.A77 eBook |
| 245 | 0 | 0 |
_aCódigo de leyes sobre genética / _cedición a cargo de Carlos María Romeo Casabona. |
| 264 | 1 |
_aBilbao : _bUniversidad de Deusto : _bFundación BBV : _bDiputación Foral de Bizkaia, _c1997. |
|
| 300 |
_a1 online resource (886 pages) : _billustrations. |
||
| 336 |
_atext _btxt _2rdacontent |
||
| 337 |
_acomputer _bc _2rdamedia |
||
| 338 |
_aonline resource _bcr _2rdacarrier |
||
| 500 | _aAt head of title: Cátedra de Derecho y Genoma Humano, Fundación BBV, Diputación Foral de Bizkaia. | ||
| 504 | _aIncludes bibliographical references (p. 823-869). | ||
| 588 | 0 | _aOnline resource; title from ePub and PDF title page (Digitalia, viewed Sept. 25, 2014) | |
| 650 | 0 |
_aHuman reproductive technology _xLaw and legislation. |
|
| 650 | 0 |
_aGenetic engineering _xLaw and legislation. |
|
| 650 | 0 |
_aHuman reproductive technology _xLaw and legislation _zSpain. |
|
| 650 | 0 | _aBioethics. | |
| 655 | 0 | _aElectronic books. | |
| 700 | 1 |
_aRomeo Casabona, Carlos María _eeditor. |
|
| 710 | 2 |
_aUniversidad de Deusto. _bCátedra de Derecho y Genoma Humano. |
|
| 710 | 2 | _aFundación Banco Bilbao Vizcaya. | |
| 710 | 1 |
_aVizcaya (Spain). _bDiputación Foral. |
|
| 776 | 0 | 8 |
_iPrint version: _tCódigo de leyes sobre genética. _dBilbao :Universidad de Deusto, 1997. _z9788474854749. |
| 791 | 2 |
_aDigitalia (Firm), _edistributor. |
|
| 793 | 0 |
_gDigitalia eBook Collection: _aUniversidad de Deusto |
|
| 856 | 4 | 0 |
_3Digitalia Hispánica _uhttps://www.digitaliapublishing.com/a/18030/ |
| 910 | _aPremium Collection: 2014 | ||
| 942 | _cRAA | ||
| 999 |
_c235627 _d235627 |
||